[Event "CHN-ch U20 Girls"]
[Site "Shenzhen"]
[Date "2023.07.30"]
[Round "6"]
[White "Tang, Qingchi"]
[Black "Shao, Qiyu"]
[Result "1-0"]
[WhiteElo "1525"]
[BlackElo "1548"]
[PlyCount "40"]
[EventDate "2023.07.28"]
[EventType "swiss"]
[EventRounds "11"]
[EventCountry "CHN"]
[SourceTitle "CBM 215 Extra"]
[Source "ChessBase"]
[SourceDate "2023.09.30"]
[SourceVersion "1"]
[SourceVersionDate "2023.09.30"]
[SourceQuality "1"]

1. d4 Nf6 2. c4 g6 3. Nc3 d5 4. cxd5 Nxd5 5. e4 Nxc3 6. bxc3 Bg7 7. Nf3 c5 8. Be3 Qa5 9. Qd2 Nc6 10. Rc1 Bg4 11. d5 Bxf3 12. gxf3 Ne5 13. Be2 0-0 14. f4 Nd7 15. Bg4 Rfd8 16. c4 Qa3 17. e5 f6 18. Be6+ Kh8 19. Bxd7 Rxd7 20. e6 Rd6 1-0

[Event "CHN-ch U20 Girls"]
[Site "Shenzhen"]
[Date "2023.07.29"]
[Round "3"]
[White "Cai, Boheng"]
[Black "Tang, Qingchi"]
[Result "1-0"]
[WhiteElo "1781"]
[BlackElo "1525"]
[PlyCount "65"]
[EventDate "2023.07.28"]
[EventType "swiss"]
[EventRounds "11"]
[EventCountry "CHN"]
[SourceTitle "CBM 215 Extra"]
[Source "ChessBase"]
[SourceDate "2023.09.30"]
[SourceVersion "1"]
[SourceVersionDate "2023.09.30"]
[SourceQuality "1"]

1. d4 d5 2. c4 e6 3. Nc3 Nf6 4. Nf3 c6 5. e3 Nbd7 6. Qc2 Bd6 7. Bd3 0-0 8. 0-0 dxc4 9. Bxc4 b5 10. Bd3 Bb7 11. e4 e5 12. dxe5 Nxe5 13. Nxe5 Bxe5 14. h3 a6 15. Be3 Bd4 16. Bxd4 Qxd4 17. Ne2 Qd6 18. f4 Nd7 19. Rac1 g6 20. e5 Qc7 21. Ng3 c5 22. Be4 c4 23. Bxb7 Qxb7 24. Ne4 Qb6+ 25. Kh2 Nc5 26. Qf2 Rac8 27. b4 Na4 28. Qh4 Kg7 29. f5 h5 30. f6+ Kh7 31. Rf5 Rh8 32. Rxh5+ gxh5 33. Qg5 1-0

[Event "CHN-ch U20 Girls"]
[Site "Shenzhen"]
[Date "2023.07.28"]
[Round "1"]
[White "Tang, Qingchi"]
[Black "Cai, Youyang"]
[Result "1/2-1/2"]
[WhiteElo "1525"]
[BlackElo "2011"]
[PlyCount "98"]
[EventDate "2023.07.28"]
[EventType "swiss"]
[EventRounds "11"]
[EventCountry "CHN"]
[SourceTitle "CBM 215 Extra"]
[Source "ChessBase"]
[SourceDate "2023.09.30"]
[SourceVersion "1"]
[SourceVersionDate "2023.09.30"]
[SourceQuality "1"]

1. d4 Nf6 2. c4 g6 3. Nc3 d5 4. cxd5 Nxd5 5. e4 Nxc3 6. bxc3 Bg7 7. Be3 c5 8. Qd2 0-0 9. Nf3 Qa5 10. Rc1 cxd4 11. cxd4 Qxd2+ 12. Nxd2 e6 13. Bb5 Nc6 14. Bxc6 bxc6 15. Nb3 Rd8 16. e5 Bf8 17. 0-0 Ba6 18. Rfd1 Bb5 19. Rc2 Rab8 20. Nc5 Bxc5 21. Rxc5 Rd7 22. Rdc1 Kg7 23. R5c3 a5 24. Rb3 Ra8 25. f4 a4 26. Rb4 f6 27. Rc5 Re8 28. Kf2 fxe5 29. Rxe5 Rd5 30. a3 Kf7 31. g4 Red8 32. Kf3 h6 33. h4 Rxe5 34. fxe5 Kg7 35. Bf4 Rf8 36. Ke3 g5 37. hxg5 hxg5 38. Bxg5 Rf1 39. Rb2 Rg1 40. Kf3 Kg6 41. Be7 Bc4 42. g5 Bd5+ 43. Kf4 Rf1+ 44. Kg4 Rd1 45. Rb4 Rg1+ 46. Kf4 Rf1+ 47. Kg4 Rg1+ 48. Kf4 Rf1+ 49. Kg4 Rg1+ 1/2-1/2

[Event "CHN-ch sf (Women)"]
[Site "Hefei"]
[Date "2023.04.23"]
[Round "2"]
[White "Wang, Xiaoyan"]
[Black "Tang, Qingchi"]
[Result "0-1"]
[WhiteElo "1931"]
[BlackElo "1509"]
[PlyCount "87"]
[EventDate "2023.04.23"]
[EventType "swiss"]
[EventRounds "11"]
[EventCountry "CHN"]
[SourceTitle "CBM 214 Extra"]
[Source "ChessBase"]
[SourceDate "2023.07.31"]
[SourceVersion "1"]
[SourceVersionDate "2023.07.31"]
[SourceQuality "1"]

1. d4 d5 2. c4 e6 3. Nf3 Nf6 4. Nc3 c6 5. Bg5 Nbd7 6. e3 Be7 7. Rc1 b6 8. cxd5 exd5 9. Bd3 Bb7 10. 0-0 0-0 11. Qc2 h6 12. Bxf6 Bxf6 13. e4 dxe4 14. Bxe4 a5 15. Rfe1 Re8 16. Nb5 Nb8 17. Bh7+ Kf8 18. Rxe8+ Kxe8 19. Be4 Qd7 20. Bf5 Qd8 21. Qe4+ Kf8 22. Re1 Na6 23. h4 Rb8 24. Na7 Qc7 25. Rc1 c5 26. Nb5 Qc6 27. Qe2 Re8 28. Qc4 g6 29. Bh3 Kg7 30. h5 Qd5 31. hxg6 Qxc4 32. Rxc4 Bxf3 33. gxf3 fxg6 34. Kg2 Rd8 35. dxc5 Nxc5 36. Rc2 Nd3 37. Rc7+ Kf8 38. Rb7 Bxb2 39. Rxb6 a4 40. Be6 Nf4+ 41. Kg3 Be5 42. Kg4 Rd2 43. Bc4 Rxf2 44. Nc3 0-1